| 000 | 02740nam0a2200433 4500 | ||
|---|---|---|---|
| 001 | RU\NLR\BIBL_A\022725695 | ||
| 005 | 20260604141509.0 | ||
| 010 | _a978-5-0065-7426-7 | ||
| 021 |
_aRU _bКН-П-25-080052 _9КН-П-25-7761 |
||
| 035 | _a(NLR Aleph) 022725695 | ||
| 090 |
_a13704231 _c13704231 |
||
| 100 | _a20260211d2025 km y0rusy50 ca | ||
| 101 | 0 | _arus | |
| 102 | _aRU | ||
| 105 | _aa z 000yy | ||
| 181 | 0 |
_ai _b xxe |
|
| 182 | 0 | _an | |
| 200 | 1 |
_aПроизводительность живого труда в лучевой диагностике _e[монография] _fВасильев Юрий Александрович, Тыров Илья Александрович, Владзимирский Антон Вячеславович [и др. _gЦентр диагностики и телемедицины] |
|
| 203 |
_aТекст _bвизуальный _cнепосредственный |
||
| 210 |
_a[Б. м.] _cИздательские решения _aМосква _cГосударственное бюджетное учреждение здравоохранения города Москвы "Научно-практический клинический центр диагностики и телемедицинских технологий Департамента здравоохранения города Москвы" _d2025 |
||
| 215 |
_a104 c. _cтабл. _d30 |
||
| 300 | _aАвт. указаны на обороте тит. с. | ||
| 320 | _aБиблиогр.: с. 95–104 (124 назв.) и в подстроч. примеч. | ||
| 333 | _a12+ | ||
| 606 | 1 |
_aРентгенологи _xГигиена труда _2nlr_sh1 _2nlr_sh2 _3RU\NLR\AUTH\66965786 |
|
| 606 | 1 |
_aИскусственный интеллект _xПрименение в лучевой диагностике _2nlr_sh2 _3RU\NLR\AUTH\6601745472 |
|
| 606 | 1 |
_aЛучевая диагностика _xОрганизация _2nlr_sh2 _3RU\NLR\AUTH\6601770408 |
|
| 686 | 1 | _aР126.459 | |
| 686 | 1 | _aР364с51 | |
| 686 | 1 | _aР11(2)283.6 | |
| 701 | 1 |
_aВасильев _bЮ. А. _cд-р мед. наук, лучевая диагностика _gЮрий Александрович _3RU\NLR\AUTH\770272606 |
|
| 701 | 1 |
_aТыров _bИ. А. _gИлья Александрович |
|
| 701 | 1 |
_aВладзимирский _bА. В. _f1977- _gАнтон Вячеславович |
|
| 712 | 0 | 2 |
_aНаучно-практический клинический центр диагностики и телемедицинских технологий _cМосква _3RU\NLR\AUTH\880548100 _4570 |
| 942 | _cBOOK | ||
| 980 | _aNB | ||